[Event "Capablanca Memorial op 53rd"]
[Site "Havana"]
[Date "2018.05.09"]
[Round "1"]
[White "Venzant Batista, Marcia Camila"]
[Black "Hernandez Barreras, Yerandy Jose"]
[Result "0-1"]
[WhiteElo "2027"]
[BlackElo "2181"]
[PlyCount "40"]
[EventDate "2018.05.09"]
[EventType "swiss"]
[EventRounds "10"]
[EventCountry "CUB"]
[SourceTitle "EXT 2019"]
[Source "ChessBase"]
[SourceDate "2018.10.10"]
[SourceVersion "1"]
[SourceVersionDate "2018.10.10"]
[SourceQuality "1"]

1. e4 d5 2. exd5 Qxd5 3. Nc3 Qd6 4. d4 Nf6 5. Nf3 a6 6. Bd3 Bg4 7. h3 Bh5 8. 0-0 Nc6 9. Ne4 Nxe4 10. Bxe4 0-0-0 11. c3 h6 12. b4 e6 13. b5 axb5 14. a4 b4 15. Rb1 f5 16. Bxc6 Qxc6 17. Ne5 Bxd1 18. Nxc6 bxc6 19. Rxd1 bxc3 20. Be3 c2 0-1

[Event "Capablanca Memorial op-B 48th"]
[Site "Havana"]
[Date "2013.04.30"]
[Round "9"]
[White "Lopez Raygoza, Luis Alberto"]
[Black "Hernandez Barreras, Yerandy Jose"]
[Result "1-0"]
[WhiteElo "1994"]
[BlackElo "2176"]
[PlyCount "89"]
[EventDate "2013.04.21"]
[EventType "swiss"]
[EventRounds "9"]
[EventCountry "CUB"]
[SourceTitle "CBM 154 Extra"]
[Source "ChessBase"]
[SourceDate "2013.06.25"]
[SourceVersion "2"]
[SourceVersionDate "2013.06.25"]
[SourceQuality "1"]

1. e4 e6 2. d4 d5 3. Nc3 Bb4 4. e5 c5 5. a3 Bxc3+ 6. bxc3 Qa5 7. Bd2 Qa4 8. Nf3 c4 9. Be2 Ne7 10. 0-0 Nbc6 11. Nh4 h6 12. f4 Bd7 13. Nf3 0-0-0 14. Be1 Rdf8 15. Bf2 Rhg8 16. Qd2 f6 17. Kh1 Be8 18. exf6 gxf6 19. Nh4 Ng6 20. f5 Nxh4 21. Bxh4 e5 22. dxe5 Nxe5 23. Bf3 Nxf3 24. Rxf3 Bc6 25. Rg3 b6 26. Rxg8 Rxg8 27. Bg3 Kb7 28. Qxh6 Re8 29. Qd2 Re4 30. Bd6 a5 31. Rb1 Ka6 32. h3 Bb7 33. Bc7 Qe8 34. Rxb6+ Ka7 35. Rb1 Ka8 36. Bg3 Qg8 37. Qf2 d4 38. cxd4 Qd5 39. c3 Re8 40. Kh2 Bc6 41. Rb2 Ba4 42. Rb6 Bc6 43. Qb2 Ka7 44. Bc7 Bb7 45. Ra6+ 1-0